000 01392nam0a2200337 4500
001 RU\NLR\BIBL_A\022349003
005 20260420015650.0
010 _a978-5-9953-0925-3
_91000
021 _aRU
_bКН-П-24-050343
_9КН-П-24-5005
035 _a(NLR Aleph) 022349003
090 _a13667018
_c13667018
100 _a20241010d2024 u y0rusy50 ca
101 1 _arus
_cheb
102 _aRU
105 _ay w 000yy
181 0 _ai4
_baxxe
182 0 _an
200 1 _aПятикнижие
_fТора в переводе [с иврита] Бориса Камянова (Баруха Авни) на современный русский язык
203 _aТекст
_bвизуальный
_cнепосредственный
210 _aМосква
_cКнижники
_d5784=2024
215 _a536, [1] с.
_d21
300 _aНа обл. подзаг.: Тора в переводе на современный русский язык
300 _aПарал. тит. с. также на араб. яз.
500 1 0 _aБиблия
_iВ.З.
_iПятикнижие
_92631046
_3RU\NLR\AUTH\553094
605 _aТора
_91249949
_3RU\NLR\AUTH\66511564
686 1 _aЭ36-210.91
702 1 _4730
_7ca
_8rus
_aКамянов
_bБ.
_f1945-
_gБорис
_9120541
_3RU\NLR\AUTH\7710776
942 _cBOOK
980 _aNB